000 00688nam a2200157 a 4500
001 000046280
005 20201002052746.0
008 150715s2003 dr 000 0 spa d
040 _aDO-SdBNP
_bspa
_cBNPHU
100 1 _aBáez, Higinio
_938623
245 1 0 _aPor una república democrática /
_cHiginio Báez.
260 _aSanto Domingo :
_bMPD,
_c2003.
300 _a34 p. :
_bil., retrs. ;
_c21 cm.
500 _aDiscurso pronunciado por Higinio Báez en el acto político realizado el 23 de febrero del 2003, a proposito del 14 aniversario del Movimiento Popular Dominicano (M.P.D.) y la clausura del cuarto congreso Osvaldo Torres (FURI)
710 2 _aMovimiento Popular Dominicano
_974298
999 _c45769
_d45769